000 00307nam a2200133Ia 4500
005 20251222143312.0
008 251222s9999||||xx |||||||||||||| ||spa||
020 _a9972600963
082 _a232.91/A79
245 0 _aLa Inmaculada Concepción:
250 _a1ra.ed.
264 _bEdiciones VE
942 _cLIB
999 _c15740
_d15740